|
|
|
|
| LEADER |
00000ny a22000003n 4500 |
| 005 |
2011061504524.0 |
| 008 |
970129s1996 sp 000 0 spa d |
| 017 |
|
|
|a D.L.B15195-96
|
| 020 |
|
|
|a 9788489171329
|
| 035 |
|
|
|a 3316
|
| 040 |
|
|
|a PL£
|d vLex
|
| 080 |
|
|
|a 353.9.077.3(460)
|
| 090 |
|
|
|c 732
|d 732
|
| 100 |
1 |
|
|a Olivǹ del Cacho, Javier
|
| 245 |
1 |
0 |
|a Procedimiento sancionador y estado autonm̤ico
|h [Recurso electrn̤ico]
|c Javier Olivǹ del Cacho
|
| 256 |
|
|
|a Servicio en ln̕ea
|
| 260 |
|
|
|a Barcelona :
|b Cedecs,
|c 1996
|
| 300 |
|
|
|a 124 p. ;
|c 23 cm
|
| 490 |
1 |
|
|a Derecho administrativo
|
| 504 |
|
|
|a p. 119-124
|
| 506 |
1 |
|
|a Contenido solo disponible en los productos indicados
|d vLex Global
|d vLex Global (Academic Edition, excluding Law Schools)
|d vLex Global (U.S. Academic Edition, Law Schools)
|d vLex Global (U.S. Academic Edition, excluding Law Schools)
|d vLex Global (Academic Edition, Law Schools)
|
| 650 |
0 |
7 |
|a Administrativo
|2 Tesauro vLex
|
| 650 |
0 |
7 |
|a Procedimiento sancionador
|2 Tesauro vLex
|
| 740 |
0 |
|
|a vLex Libros (Servicios en ln̕ea)
|
| 830 |
|
0 |
|a Derecho administrativo (Cedecs)
|
| 856 |
4 |
0 |
|u http://vlex.com/source/3316
|z Acceso restringido
|
| 942 |
|
|
|c BOOK
|
| 999 |
0 |
|
|a Administrative law
|b Barcelona
|